1000 x European architecture. (Record no. 12334)
[ view plain ]
| 000 -LEADER | |
|---|---|
| fixed length control field | 01045cam a22003017a 4500 |
| 001 - CONTROL NUMBER | |
| control field | 14783227 |
| 003 - CONTROL NUMBER IDENTIFIER | |
| control field | EG-ScBUE |
| 005 - DATE AND TIME OF LATEST TRANSACTION | |
| control field | 20221212111626.0 |
| 008 - FIXED-LENGTH DATA ELEMENTS--GENERAL INFORMATION | |
| fixed length control field | 070316s2007 gw ae f c 001 0 eng d |
| 020 ## - INTERNATIONAL STANDARD BOOK NUMBER | |
| International Standard Book Number | 9783938780107 (hd.bd.in sl.cs.) |
| 020 ## - INTERNATIONAL STANDARD BOOK NUMBER | |
| International Standard Book Number | 393878010X |
| 035 ## - SYSTEM CONTROL NUMBER | |
| System control number | (OCoLC)ocm85243016 |
| 040 ## - CATALOGING SOURCE | |
| Original cataloging agency | OHX |
| Language of cataloging | eng |
| Description conventions | rda |
| Transcribing agency | OHX |
| Modifying agency | CLU |
| -- | DLC |
| -- | EG-ScBUE |
| 043 ## - GEOGRAPHIC AREA CODE | |
| Geographic area code | e------ |
| 082 04 - DEWEY DECIMAL CLASSIFICATION NUMBER | |
| Edition number | 22 |
| Classification number | 720.94 |
| Item number | ARC |
| 245 00 - TITLE STATEMENT | |
| Title | 1000 x European architecture. |
| 246 3# - VARYING FORM OF TITLE | |
| Title proper/short title | One thousand x European architecture |
| 250 ## - EDITION STATEMENT | |
| Edition statement | First edition. |
| 264 #1 - PUBLICATION, DISTRIBUTION, ETC. (IMPRINT) | |
| Place of publication, distribution, etc | [Berlin] : |
| Name of publisher, distributor, etc | Verlagshaus Braun, |
| Date of publication, distribution, etc | 2007. |
| 300 ## - PHYSICAL DESCRIPTION | |
| Extent | 1026 pages : |
| Other physical details | illustrations (some color), plans ; |
| Dimensions | 36 cm |
| 500 ## - GENERAL NOTE | |
| General note | Includes index. |
| 650 #7 - SUBJECT ADDED ENTRY--TOPICAL TERM | |
| Topical term or geographic name as entry element | Architecture |
| Geographic subdivision | Europe |
| General subdivision | History |
| Chronological subdivision | 20th century |
| Form subdivision | Catalogs. |
| Source of heading or term | BUEsh |
| 9 (RLIN) | 7977 |
| 650 #7 - SUBJECT ADDED ENTRY--TOPICAL TERM | |
| Topical term or geographic name as entry element | Architecture |
| Geographic subdivision | Europe |
| General subdivision | History |
| Chronological subdivision | 21st century |
| Form subdivision | Catalogs. |
| Source of heading or term | BUEsh |
| 9 (RLIN) | 7978 |
| 653 ## - INDEX TERM--UNCONTROLLED | |
| Resource For college | Engineering, Architecture |
| 655 ## - INDEX TERM--GENRE/FORM | |
| Form subdivision | Reading book |
| 942 ## - ADDED ENTRY ELEMENTS (KOHA) | |
| Source of classification or shelving scheme | Dewey Decimal Classification |
| Koha item type | Book - Borrowing |
| Withdrawn status | Lost status | Source of classification or shelving scheme | Damaged status | Not for loan | Collection code | Home library | Current library | Shelving location | Date acquired | Source of acquisition | Total Checkouts | Total Renewals | Full call number | Barcode | Date last seen | Date checked out | Price effective from | Koha item type | Cost, normal purchase price | Serial Enumeration / chronology |
|---|---|---|---|---|---|---|---|---|---|---|---|---|---|---|---|---|---|---|---|---|
| Dewey Decimal Classification | Baccah | Central Library | Central Library | Second Floor | 12/07/2009 | Purchase | 6 | 6 | 720.94 ARC | 000010005 | 12/01/2026 | 22/03/2015 | 12/07/2009 | Book - Borrowing | ||||||
| Dewey Decimal Classification | Alahram | Central Library | Central Library | Second Floor | 12/07/2009 | 4 | 720.94 ARC | 000017411 | 15/07/2025 | 25/10/2011 | 12/07/2009 | NB - Book (Non borrowing) | 646.00 | 373 |